00254nam a2200097 a 450000500170000000800410001705000220005824500210008026000350010144000200013620140414132114.0110817s19uu xx 00 eng d aREF 503bAl1 1990 aAll about water. aSingapore :bWorl book,c1990. aYoung Scientist